| 000 | 02243 a2200421 4500 | ||
|---|---|---|---|
| 001 | 23603279 | ||
| 003 | 0000 | ||
| 005 | 20260402130831.0 | ||
| 008 | 240312s2024 nju 001 0 eng | ||
| 010 | _a 2024007503 | ||
| 020 | _a9781394216888 | ||
| 020 | _z9781394216895 | ||
| 020 | _z9781394216901 | ||
| 035 | _a23603279 | ||
| 040 |
_aDLC _beng _erda _cDLC |
||
| 042 | _apcc | ||
| 050 | 0 | 0 |
_aVK591 _b.C65 2024 |
| 082 | 0 | 0 |
_a526.9/9 _223/eng/20240323 |
| 100 | 1 |
_aCole, George M., _eauthor. |
|
| 245 | 1 | 0 |
_aSea levels and coastal boundaries / _cGeorge M. Cole. |
| 250 | _aFirst edition. | ||
| 263 | _a2406 | ||
| 264 | 1 |
_aHoboken, N.J. : _bWiley, _c2024. |
|
| 300 |
_ax, 117p. _bill.: |
||
| 336 |
_atext _btxt _2rdacontent |
||
| 337 |
_aunmediated _bn _2rdamedia |
||
| 338 |
_avolume _bnc _2rdacarrier |
||
| 500 | _aIncludes index. | ||
| 520 |
_a"Water boundaries, including navigable and non-navigable water bodies, are an important aspect of surveying and are commonly encountered in the practice of surveying, especially for land surveys that involve waterfront properties, riparian rights, or other land-use issues related to water bodies. Surveyors must be familiar with the relevant laws, regulations, and guidelines related to water boundaries, including the definition of high and low water marks, tidal boundaries, and the legal status of artificial water bodies such as reservoirs and canals. They must also be familiar with the various techniques used to establish water boundaries, including topographic and hydrographic surveying, as well as the use of specialized equipment such as sonar and GPS. Water boundaries are an important component of the professional practice of surveying and a topic that is covered in professional surveying examinations"-- _cProvided by publisher. |
||
| 650 | 0 | _aHydrographic surveying. | |
| 650 | 0 | _aTopographical surveying. | |
| 650 | 0 | _aWater boundaries. | |
| 650 | 0 | _aSea level. | |
| 776 | 0 | 8 |
_iOnline version: _aCole, George M. _tSea levels and coastal boundaries _bFirst edition. _dHoboken, N.J. : Wiley, 2024 _z9781394216895 _w(DLC) 2024007504 |
| 906 |
_a7 _bcbc _corignew _d1 _eecip _f20 _gy-gencatlg |
||
| 942 |
_2lcc _cBK |
||
| 999 |
_c44255 _d44255 |
||